Eastern Utah Libraries Catalog: Duchesne, Heber, Roosevelt, & Vernal

Pushed : (Record no. 407125)

MARC details
000 -LEADER
fixed length control field 03554nam a2200661 i 4500
001 - CONTROL NUMBER
control field 2021952947
003 - CONTROL NUMBER IDENTIFIER
control field DLC
005 - DATE AND TIME OF LATEST TRANSACTION
control field 20250627165820.0
008 - FIXED-LENGTH DATA ELEMENTS--GENERAL INFORMATION
fixed length control field 211217t20232023utu e b 000 0 eng d
010 ## - LIBRARY OF CONGRESS CONTROL NUMBER
LC control number 2021952947
020 ## - INTERNATIONAL STANDARD BOOK NUMBER
International Standard Book Number 9781948814690
Qualifying information (pbk.)
020 ## - INTERNATIONAL STANDARD BOOK NUMBER
International Standard Book Number 1948814692
Qualifying information (pbk.)
020 ## - INTERNATIONAL STANDARD BOOK NUMBER
Cancelled/invalid ISBN 9781948814706
Qualifying information (ebook)
035 ## - SYSTEM CONTROL NUMBER
System control number (OCoLC)1315537205
040 ## - CATALOGING SOURCE
Original cataloging agency YDX
Language of cataloging eng
Description conventions rda
Transcribing agency YDX
Modifying agency BDX
-- Y$5
-- GP5
-- HBP
-- GO6
-- IMD
-- VP@
-- TOH
-- ORX
-- OCLCF
-- UOK
-- YDX
-- ILC
-- DLC
042 ## - AUTHENTICATION CODE
Authentication code lccopycat
043 ## - GEOGRAPHIC AREA CODE
Geographic area code n-us-wa
-- n-usp--
-- n-cn-bc
-- n-us---
050 00 - LIBRARY OF CONGRESS CALL NUMBER
Classification number F899.C515
Item number S63 2023
082 04 - DEWEY DECIMAL CLASSIFICATION NUMBER
Classification number 979.7/59
Edition number 23
092 ## - LOCALLY ASSIGNED DEWEY CALL NUMBER (OCLC)
Classification number general nonfiction
Item number 979.75 Spagna, Ana Maria
100 1# - MAIN ENTRY--PERSONAL NAME
Personal name Spagna, Ana Maria,
Relator term author.
9 (RLIN) 6543409
245 10 - TITLE STATEMENT
Title Pushed :
Remainder of title miners, a merchant, and (maybe) a massacre /
Statement of responsibility, etc Ana Maria Spagna.
246 30 - VARYING FORM OF TITLE
Title proper/short title Miners, a merchant, and (maybe) a massacre
250 ## - EDITION STATEMENT
Edition statement First Torrey House Press edition.
264 #1 - Production, Publication, Distribution, Manufacture, and Copyright Notice.
Place of production, publication, distribution, manufacture Salt Lake City :
Name of producer, publisher, distributor, manufacturer Torrey House Press,
Date of production, publication, distribution, manufacture, or copyr 2023.
264 #4 - Production, Publication, Distribution, Manufacture, and Copyright Notice.
Date of production, publication, distribution, manufacture, or copyr 2023
300 ## - PHYSICAL DESCRIPTION
Extent 221 pages ;
Dimensions 21 cm
336 ## - Content Type
Content type term text
337 ## - Media type
Media type term unmediated
338 ## - Carrier type
Carrier type term volume
504 ## - BIBLIOGRAPHY, ETC. NOTE
Bibliography, etc Includes bibliographical references (pages 207-214).
505 0# - FORMATTED CONTENTS NOTE
Formatted contents note Massacre : Version I -- Walla Walla -- Wong Sam -- Ah Chee -- Earthquake -- Chee Saw -- Massacre : Version II -- Xenophobia takes root -- Up the ladder -- Dowsing -- Forget John Wayne -- Whose heritage? -- Back to the store -- Massacre : Version III -- Nearly unanimous -- The problem with make-believe -- Against amnesia -- Bones.
520 ## - SUMMARY, ETC.
Summary, etc "Amid an alarming rise in xenophobia, Ana Maria Spagna stumbled upon a story: one day in 1875, on a high bluff over the Columbia River, a group of local Indigenous people murdered a large number of Chinese Miners and pushed their bodies off a cliff into the river. The incident was dubbed the Chelan Falls Massacre. Despite having lived in the area for decades, Spagna had never before heard of this event. In Pushed, she sets out to discover what really happened and why. Her eye-opening investigative journey replaces convenient narratives of the American West with nuance and complexity, revealing the danger in forgetting or remembering atrocities when history is murky and asking what allegiance to a place requires"--Back cover.
648 #7 - SUBJECT ADDED ENTRY--CHRONOLOGICAL TERM
Chronological term 1800-1899
Source of heading or term fast
9 (RLIN) 5678697
650 #0 - SUBJECT ADDED ENTRY--TOPICAL TERM
Topical term or geographic name as entry element Massacres
Geographic subdivision United States
Chronological subdivision 19th century.
9 (RLIN) 6543411
650 #0 - SUBJECT ADDED ENTRY--TOPICAL TERM
Topical term or geographic name as entry element Chinese Americans
General subdivision Crimes against.
9 (RLIN) 6543412
650 #0 - SUBJECT ADDED ENTRY--TOPICAL TERM
Topical term or geographic name as entry element Chinese Americans
General subdivision History
Chronological subdivision 19th century.
9 (RLIN) 6543413
650 #0 - SUBJECT ADDED ENTRY--TOPICAL TERM
Topical term or geographic name as entry element Immigrants
General subdivision Crimes against.
9 (RLIN) 6543414
650 #0 - SUBJECT ADDED ENTRY--TOPICAL TERM
Topical term or geographic name as entry element Indians of North America
General subdivision History
Chronological subdivision 19th century.
9 (RLIN) 95519
650 #0 - SUBJECT ADDED ENTRY--TOPICAL TERM
Topical term or geographic name as entry element Xenophobia
Geographic subdivision United States.
9 (RLIN) 6543415
650 #0 - SUBJECT ADDED ENTRY--TOPICAL TERM
Topical term or geographic name as entry element Collective memory
Geographic subdivision United States.
9 (RLIN) 6437729
650 #0 - SUBJECT ADDED ENTRY--TOPICAL TERM
Topical term or geographic name as entry element Memory
General subdivision Social aspects.
9 (RLIN) 6380534
650 #7 - SUBJECT ADDED ENTRY--TOPICAL TERM
Topical term or geographic name as entry element HISTORY / United States / General.
Source of heading or term bisacsh
9 (RLIN) 5697463
650 #7 - SUBJECT ADDED ENTRY--TOPICAL TERM
Topical term or geographic name as entry element Chinese Americans.
Source of heading or term fast
650 #7 - SUBJECT ADDED ENTRY--TOPICAL TERM
Topical term or geographic name as entry element Collective memory.
Source of heading or term fast
650 #7 - SUBJECT ADDED ENTRY--TOPICAL TERM
Topical term or geographic name as entry element Immigrants
General subdivision Crimes against.
Source of heading or term fast
9 (RLIN) 6543414
650 #7 - SUBJECT ADDED ENTRY--TOPICAL TERM
Topical term or geographic name as entry element Indians of North America.
Source of heading or term fast
650 #7 - SUBJECT ADDED ENTRY--TOPICAL TERM
Topical term or geographic name as entry element Massacres.
Source of heading or term fast
650 #7 - SUBJECT ADDED ENTRY--TOPICAL TERM
Topical term or geographic name as entry element Memory
General subdivision Social aspects.
Source of heading or term fast
9 (RLIN) 6380534
650 #7 - SUBJECT ADDED ENTRY--TOPICAL TERM
Topical term or geographic name as entry element Xenophobia.
Source of heading or term fast
9 (RLIN) 6543416
650 #7 - SUBJECT ADDED ENTRY--TOPICAL TERM
Topical term or geographic name as entry element First Nations.
Source of heading or term fnhl
9 (RLIN) 6543417
651 #0 - SUBJECT ADDED ENTRY--GEOGRAPHIC NAME
Geographic name Chelan Falls (Wash.)
General subdivision History
Chronological subdivision 19th century.
9 (RLIN) 6543410
651 #0 - SUBJECT ADDED ENTRY--GEOGRAPHIC NAME
Geographic name Northwest, Pacific
General subdivision History
Chronological subdivision 19th century.
9 (RLIN) 6473514
651 #7 - SUBJECT ADDED ENTRY--GEOGRAPHIC NAME
Geographic name Pacific Northwest.
Source of heading or term fast
651 #7 - SUBJECT ADDED ENTRY--GEOGRAPHIC NAME
Geographic name United States.
Source of heading or term fast
655 #7 - INDEX TERM--GENRE/FORM
Genre/form data or focus term History.
Source of term fast
9 (RLIN) 5675940
942 ## - ADDED ENTRY ELEMENTS (KOHA)
Source of classification or shelving scheme Dewey Decimal Classification
Koha item type BOOK
Holdings
Withdrawn status Lost status Source of classification or shelving scheme Damaged status Not for loan Collection code Home library Current library Shelving location Date acquired Source of acquisition Total Checkouts Total Renewals Full call number Barcode Date last seen Date checked out Cost, replacement price Price effective from Koha item type
    Dewey Decimal Classification     General NonFiction Wasatch County Library Wasatch County Library Second Floor 06/27/2025 Ingram 2 1 979.75 Spagna 34301002115584 08/25/2025 07/28/2025 18.95 06/27/2025 BOOK
This project was made possible through a grant from the Institute of Museum and Library Service administered by the Utah State Library Division.

Wasatch County Library

  • 465 East 1200 South, Heber City, Utah 84032
  • Phone 435-654-1511 | Fax 435-654-6456

Hours

  • Monday - Friday 9:30 AM - 8:00 PM
  • Saturday 9:30 AM - 1:30 PM
  • Closed Sundays and Holidays